قرية سعير : (رقم التسجيلة. 75106)

تفاصيل مارك
000 -LEADER
fixed length control field 00594nam a22001817a 4500
005 - DATE AND TIME OF LATEST TRANSACTION
control field 20251108172301.0
008 - FIXED-LENGTH DATA ELEMENTS--GENERAL INFORMATION
fixed length control field 250721s1990 xx 000 0 ara d
082 14 - DEWEY DECIMAL CLASSIFICATION NUMBER
Classification number 956.441/قرى
245 10 - TITLE STATEMENT
Title قرية سعير :
Remainder of title دراسة ميدانيه /
264 1# - PRODUCTION, PUBLICATION, DISTRIBUTION, MANUFACTURE, AND COPYRIGHT NOTICE
Place of production, publication, distribution, manufacture عمان :
Name of producer, publisher, distributor, manufacturer رابطة الجامعيين - مركز الابحاث،
Date of production, publication, distribution, manufacture, or copyright notice 1990.
300 ## - PHYSICAL DESCRIPTION
Extent 280ص
490 0# - SERIES STATEMENT
Series statement دراسات القرى ؛3
650 17 - SUBJECT ADDED ENTRY--TOPICAL TERM
Topical term or geographic name as entry element تاريخ فلسطين
650 17 - SUBJECT ADDED ENTRY--TOPICAL TERM
Topical term or geographic name as entry element الخليل
710 2# - ADDED ENTRY--CORPORATE NAME
Corporate name or jurisdiction name as entry element رابطة الجامعيين - مركز الأبحاث
Relator term تأليف
942 ## - ADDED ENTRY ELEMENTS (KOHA)
Source of classification or shelving scheme Dewey Decimal Classification
Koha item type كتب
المقتنيات
حالة السحب حالة الفقدان مصدر التصنيف حالة التلف غير قابل للإعارة المكتبة الرئيسية المكتبة الحالية موقع الرف تاريخ التزويد الرقم المتسلسل Total Checkouts رقم الإستدعاء تاريخ آخر ظهور تاريخ الفاتورة نوع المادة (كوها)
    Dewey Decimal Classification     المكتبة المركزية المكتبة المركزية مقتنيات قسم التزويد 28/07/2025 1740229   956.441/قرى 28/07/2025 28/07/2025 كتب
    Dewey Decimal Classification Unchecked   مكتبة الاميرة بديعة مكتبة الاميرة بديعة الإعارة 06/07/2004 3900   956.441/قرى 28/07/2025 06/07/2004 كتب
    Dewey Decimal Classification Unchecked   مكتبة وادي السير العامة مكتبة وادي السير العامة الإعارة 06/07/2004 4340   956.441/قرى 28/07/2025 06/07/2004 كتب
Implemented & Customized by: BBB with SCIT (Smart Chains for Information Technology)

Powered by Koha